000 01449nam a22003017i 4500
003 EG-GICUC
005 20260121101458.0
008 251213s2018 ua ||||fr|||| 00| 0 ara d
040 _a EG-GICUC
_bara
_c EG-GICUC
_d EG-GICUC
_erda
041 0 _aara
082 0 4 _221
_a345.2
_bص ف . م
092 0 4 _221
099 _aLaw1 07 345.2 ص ف . م 1 ed - 2018
100 0 _aصفاء فتوح جمعة
_eمؤلف.
245 1 0 _aمبادئ الحوكمة :
_bفي قانون الخدمة المدنية رقم 81 لسنة 2016 مـ.
_nالكتاب الأول،
_pدراسة قانونية تحليلية لقانون الخدمة المدنية رقم 81 لسنة 2016 م في ضوء مبادئ الحوكمة ومدى تطبيق قانون الخدمة المدنية لمبادئ الحوكمة /
_cدكتور صفاء فتوح جمعة.
250 _aالطبعة الأولى
264 1 _aالقاهرة :
_bالمركز القومي للإصدارات القانونية،
_c2018.
300 _a520 ؛صفحة
_c24 سم.
336 _2rda content
_atext
337 _2rda media
_aComputer
338 _2rda carrier
_aOnline Resource
546 _aالنص أغلبه باللغة العربية مع بعض النصوص الإنجليزية
650 1 4 _aالتنظيم الإداري
650 1 4 _aالقانون الإداري
856 4 0 _uhttps://fll.law.cu.edu.eg/fulltext/bks/B07-01440.pdf
905 _a32
942 _2ddc
_cBK
_e21
_n0
999 _c50174
_d50174